000 00903nam a22003017a 4500
001 BR9600294
003 BR-BrBNA
005 20230928094918.0
007 ta
008 230509b bl.||||| |||| 00| 0 por d
040 _aBR-BrBNA
_bpor
_cBiblioteca Nacional de Agricultura
041 _a(Por)
072 _aF01; M10; E16
_b0430
090 _ 0430 BR9600294
100 1 _aMedeiros, C.B. de
110 1 _aEmpresa de Assistencia Tecnica e Extensao Rural do Estado de Pernambuco, Recife (Brasil)
245 1 _aCultura do algodoeiro herbaceo (Gossypium hirsutum L. r. latifolium Hutch)
260 3 _aRecife, PE (Brasil):
_c1985.
300 _a52 p.
500 _a5 ref.; 13 tables
650 _aAlgodao Herbaceo
650 _aPratica Cultural
650 _aPraga de Planta
650 _aPulverizacao
650 _aCusto de Producao
909 _a202309
_bLucia
_c55
_dLucia Elande
942 _cBK
999 _c53393
_d53393